30 in 60: State Capitals Quiz Stats

Quiz Updated Jun 23, 2015

Challenge
Share
Tweet
Embed
Score 0/30 Timer 01:00
80 Plays Today
% Correct
Honolulu
70.7%
Sacramento
69.7%
Austin
68.4%
Albany
68.1%
Tallahassee
67.6%
Denver
67.4%
Oklahoma City
67.3%
Boston
66.3%
Salt Lake City
66.1%
Indianapolis
65.6%
Atlanta
65.6%
Baton Rouge
65.6%
Phoenix
65.2%
Boise
63.9%
Nashville
63%
% Correct
Columbus
62.1%
Trenton
60.2%
Lansing
59.6%
Providence
59%
Hartford
58.3%
Lincoln
58.1%
Annapolis
57.7%
Raleigh
57.6%
Madison
57.5%
Topeka
57.3%
Augusta
57%
Montpelier
56.7%
Richmond
56.4%
Montgomery
55.5%
Jackson
53.9%

You're not logged in!

Compare scores with friends on all Sporcle quizzes.
Join for Free
OR
Log In

You Might Also Like...

Show Comments

Extras

Top Quizzes Today


Score Distribution

Your Account Isn't Verified!

In order to create a playlist on Sporcle, you need to verify the email address you used during registration. Go to your Sporcle Settings to finish the process.

Report this User

Report this user for behavior that violates our Community Guidelines.

Details: